| 000 | 00743nam a22002177a 4500 | ||
|---|---|---|---|
| 005 | 20240530110926.0 | ||
| 008 | 220214s2001 ua g 000 p ara d | ||
| 017 |
_bمصر. دار الكتب _a2001/14871 |
||
| 020 | _a9770175196 | ||
| 040 |
_aEG-CaGPL _cEG-CaGPL |
||
| 082 | 0 | 4 |
_221 _a811/ _bش ج |
| 100 | 0 | _aشوقى عبدالامير | |
| 245 | 1 | 2 |
_aالجواهرى : _bشاعر العرب الكبير : مختارات / _cشوقى عبدالامير |
| 250 | _aط. 1 | ||
| 260 |
_aالقاهرة : _bالهيئة المصرية العامة للكتاب، _c2001 |
||
| 300 |
_a2 جزء ؛ _c20 سم |
||
| 650 | 0 | 7 |
_2qrmak _aالشعر العربى |
| 651 | _2qrmak | ||
| 942 |
_2ddc _cBK |
||
| 999 |
_c66565 _d66565 |
||